Juzgar en Estados Unidos y en Francia: cultura jurídica Francesa y Common Law

Shranjeno v:
Bibliografske podrobnosti
Main Authors: Garapon, Antoine (Author), Papadopoulos, Loannis (Author)
Format: Knjiga
Jezik:španščina
Izdano: Bogotá Legis 2003
Izdaja:1a. ed
Teme:
Oznake: Označite
Brez oznak, prvi označite!

MARC

LEADER 00000nam a2200000 a 4500
001 UCJ9440
003 CL-VaPUC
008 070316e20030900ck |||||||||||||||||spa|d
020 |a 9586535339 
082 0 4 |a 365  |b GAR  |2 21 
100 0 |a Garapon, Antoine  |e author  |9 519458 
700 0 |a Papadopoulos, Loannis  |e author  |9 519459 
245 1 0 |a Juzgar en Estados Unidos y en Francia: cultura jurídica Francesa y Common Law 
250 |a 1a. ed 
300 |a 314 p 
942 |c BK 
945 |d 20070316 00:00:00  |a lvergara 
260 |a Bogotá  |b Legis  |c 2003 
500 |a Premio Cercle Montesquieu al mejor libroe Jurídico del año 2004 
650 0 |a Justicia   |9 255408 
650 0 |a Derecho consuetudinario  |9 256602 
650 0 |a Administración pública   |9 255343 
651 0 |a Estados Unidos  |9 255178 
651 0 |a Francia  |9 255157 
999 |c 324964  |d 324962 
583 |k Rodrigo Vera 
952 |0 0  |1 0  |4 0  |6 365_000000000000000_GAR_2003  |7 0  |8 A  |9 405385  |a BIBDER  |b BIBDER  |d 2019-11-22  |i 4322444  |o 365 GAR 2003  |p 4322444  |r 2023-01-25  |w 2019-11-22  |y BK  |k DER